Controlling factors in economic development (Record no. 480653)

000 -LEADER
fixed length control field 00357cam a22001217a 4500
008 - FIXED-LENGTH DATA ELEMENTS--GENERAL INFORMATION
fixed length control field 180718b1949 xxu||||| |||| 00| 0 eng d
082 ## - DEWEY DECIMAL CLASSIFICATION NUMBER
Classification number T0x73 M862
100 ## - MAIN ENTRY--PERSONAL NAME
Personal name Moulton, Harold G.
245 ## - TITLE STATEMENT
Title Controlling factors in economic development
Statement of responsibility, etc. by Harold G. Moulton
260 ## - PUBLICATION, DISTRIBUTION, ETC.
Place of publication, distribution, etc. Washington
Name of publisher, distributor, etc. Brookings
Date of publication, distribution, etc. 1949
300 ## - PHYSICAL DESCRIPTION
Extent 397p.
650 ## - SUBJECT ADDED ENTRY--TOPICAL TERM
Topical term or geographic name entry element USA -Economic History
Holdings
Withdrawn status Lost status Damaged status Not for loan Permanent Location Current Location Date acquired Full call number Barcode Date last seen Price effective from Koha item type
        Indian Institute of Public Administration Indian Institute of Public Administration 2018-08-04 T0x73 M862 GR1556 2018-08-04 2018-08-04 GR

Powered by Koha